| 000 | 00726cam a22002291 4500 | ||
|---|---|---|---|
| 001 | ne 68002351 | ||
| 003 | DLC | ||
| 005 | 20260227111843.0 | ||
| 008 | 741204s1966 tu 000 0 tur | ||
| 010 | _ane 68002351 | ||
| 035 | _a(OCoLC)28777357 | ||
| 040 |
_aDLC _cICU _dDLC |
||
| 042 | _apremarc | ||
| 043 | _aa-tu--- | ||
| 050 | 0 | 0 |
_aDR590 _b.U8 |
| 100 | 1 | _aUs, Asım. | |
| 245 | 1 | 0 |
_aAsım Us'un hatıra notları; _b1930 dan 1950 yılına kadar, Atatürk ve İsmet İnönü devirlerine ait seçme fıkralar. |
| 260 |
_aİstanbul _b[Vakit Matbaasında basılmiştır] _c1966. |
||
| 300 |
_a767 p. _c21 cm. |
||
| 500 | _aTitle on spine: 1930-1950 hatıra notları. | ||
| 651 | 0 |
_aTurkey _xHistory _y1918-1960 _vAnecdotes. |
|
| 999 |
_c50498 _d50498 |
||